Statistics for College Logos: C

Click here to take the quiz!

General Stats

  • This quiz has been taken 13 times
  • The average score is 9 of 14

Answer Stats

Answer% Correct
Cincinnati
100%
Creighton
100%
South Carolina
100%
Central Michigan
90%
Colgate
80%
Cornell
70%
Charlotte
60%
Columbia
60%
Charleston
50%
Chattanooga
50%
The Citadel
40%
Campbell
20%
Catholic
20%
Concordia (NE)
10%

Score Distribution

Percentile by Number Answered

Percent of People with Each Score

Your Score History

You have not taken this quiz